Špecializácia ako konkurenčná výhoda

Po automobilovom priemysle sa Slovensko pomaly stáva veľmocou aj ďalšom odvetví - logistike. Ponúkať a realizovať logistické služby je však trochu iné, ako predávať autá. Kríza zostrila konkurenciu a enormne zvýšila tlak na logistické firmy.

Enregistré dans:
Détails bibliographiques
Auteur principal: Marianyi, Peter
Format: Chapitre de livre
Langue:slovaque
Sujets:
Tags: Ajouter un tag
Pas de tags, Soyez le premier à ajouter un tag!

MARC

LEADER 00000naa a2200000 4500
001 0165645
005 20231011123320.6
041 0 |a slo 
044 |a SK 
245 1 0 |a Špecializácia ako konkurenčná výhoda  |c Peter Marianyi 
520 |a Po automobilovom priemysle sa Slovensko pomaly stáva veľmocou aj ďalšom odvetví - logistike. Ponúkať a realizovať logistické služby je však trochu iné, ako predávať autá. Kríza zostrila konkurenciu a enormne zvýšila tlak na logistické firmy. 
610 2 0 |a podnik logistický 
610 2 0 |a služby logistické 
610 2 0 |a špecializácia 
610 2 0 |a výhody konkurenčné 
610 2 0 |a Slovensko 
100 1 |a Marianyi, Peter